YouTube Shorts types - Statistics

General Stats
  • This quiz has been taken 18 times
  • The average score is 3 of 15
Answer Stats
Hint Answer % Correct
Often includes cringe emojis and asks for likes Like Begging
71%
A Rythmic Tune music
50%
. Green Screen Kids
43%
. Emojis over skits
36%
Often contains trolls Edit
29%
. Clips
21%
. Loops
14%
. Before and After
7%
. Find the Emoji
7%
No hints from now on Movie
7%
. Trending Challenges
7%
. Quick Tips
0%
. Quitting YT
0%
. Show
0%
. Skits
0%
No matching quizzes found
Score Distribution
Percent of People with Each Score
Percentile by Number Answered
Your Score History
You have not taken this quiz